<?xml version="1.0" encoding="UTF-8"?>
<record
    xmlns:xsi="http://www.w3.org/2001/XMLSchema-instance"
    xsi:schemaLocation="http://www.loc.gov/MARC21/slim http://www.loc.gov/standards/marcxml/schema/MARC21slim.xsd"
    xmlns="http://www.loc.gov/MARC21/slim">

  <leader>00916nam a2200229 a 4500</leader>
  <controlfield tag="001">79923</controlfield>
  <controlfield tag="003">BD-RjUL</controlfield>
  <controlfield tag="005">20220606132956.0</controlfield>
  <controlfield tag="008">220606s1922    ua            000 0 ara d</controlfield>
  <datafield tag="035" ind1=" " ind2=" ">
    <subfield code="a">(BD-RjUL)79923</subfield>
  </datafield>
  <datafield tag="040" ind1=" " ind2=" ">
    <subfield code="a">HAI</subfield>
    <subfield code="b">eng</subfield>
    <subfield code="c">BD-RjUL</subfield>
  </datafield>
  <datafield tag="041" ind1="0" ind2=" ">
    <subfield code="a">ara</subfield>
  </datafield>
  <datafield tag="082" ind1=" " ind2=" ">
    <subfield code="2">23</subfield>
    <subfield code="a">892.71</subfield>
    <subfield code="b">SIS 1922</subfield>
  </datafield>
  <datafield tag="100" ind1="1" ind2=" ">
    <subfield code="a">[Al-Sindoubi, Hassan] &#x627;&#x644;&#x633;&#x646;&#x62F;&#x648;&#x628;&#x64A;&#x60C; &#x62D;&#x633;&#x646;</subfield>
    <subfield code="9">3446</subfield>
  </datafield>
  <datafield tag="245" ind1="1" ind2="2">
    <subfield code="a">&#x627;&#x644;&#x634;&#x639;&#x631;&#x627;&#x621; &#x627;&#x644;&#x62B;&#x644;&#x627;&#x62B;&#x629;: &#x634;&#x648;&#x642;&#x64A;&#x60C; &#x645;&#x637;&#x631;&#x627;&#x646;&#x60C; &#x62D;&#x627;&#x641;&#x638; /alshueara' althalathati: shawqi, mitran, hafiz /</subfield>
    <subfield code="c">[Hassan Al-Sindubi] &#x62A;&#x635;&#x646;&#x64A;&#x641; &#x62D;&#x633;&#x646; &#x627;&#x644;&#x633;&#x646;&#x62F;&#x648;&#x628;&#x64A;</subfield>
  </datafield>
  <datafield tag="260" ind1=" " ind2=" ">
    <subfield code="a">&#x645;&#x635;&#x631; :Egypt :</subfield>
    <subfield code="b">&#x627;&#x644;&#x645;&#x643;&#x62A;&#x628;&#x629; &#x627;&#x644;&#x62A;&#x62C;&#x627;&#x631;&#x64A;&#x629;&#x60C;[almaktabat altijariatu],</subfield>
    <subfield code="c">&#x661;&#x663;&#x664;&#x661;&#x647;&#x60C; &#x661;&#x669;&#x662;&#x662;&#x645;</subfield>
  </datafield>
  <datafield tag="300" ind1=" " ind2=" ">
    <subfield code="a">&#x664;&#x663;&#x666; &#x635;. :</subfield>
    <subfield code="b">&#x635;&#x648;&#x631;&#x629; &#x61B;</subfield>
    <subfield code="c">&#x662;&#x664; &#x633;.</subfield>
  </datafield>
  <datafield tag="600" ind1="1" ind2="4">
    <subfield code="a">Shawqi, Ahmad,</subfield>
    <subfield code="d">1868-1932</subfield>
    <subfield code="9">3447</subfield>
  </datafield>
  <datafield tag="600" ind1="1" ind2="4">
    <subfield code="a">Mu&#x1E6D;r&#x101;n, Khal&#x12B;l,</subfield>
    <subfield code="d">1872-1949</subfield>
    <subfield code="9">3448</subfield>
  </datafield>
  <datafield tag="600" ind1="1" ind2="4">
    <subfield code="a">&#x1E24;&#x101;fi&#x1E93; Ibr&#x101;h&#x12B;m, Mu&#x1E25;ammad,</subfield>
    <subfield code="d">1872?-1932.</subfield>
    <subfield code="9">3449</subfield>
  </datafield>
  <datafield tag="942" ind1=" " ind2=" ">
    <subfield code="2">ddc</subfield>
    <subfield code="c">BK</subfield>
  </datafield>
  <datafield tag="999" ind1=" " ind2=" ">
    <subfield code="c">79923</subfield>
    <subfield code="d">79923</subfield>
  </datafield>
  <datafield tag="952" ind1=" " ind2=" ">
    <subfield code="0">0</subfield>
    <subfield code="1">0</subfield>
    <subfield code="2">ddc</subfield>
    <subfield code="4">0</subfield>
    <subfield code="7">1</subfield>
    <subfield code="8">NFIC</subfield>
    <subfield code="a">RUCL</subfield>
    <subfield code="b">RUCL</subfield>
    <subfield code="c">Reading</subfield>
    <subfield code="d">2022-06-06</subfield>
    <subfield code="l">0</subfield>
    <subfield code="o">A 892.71 SIS 1922</subfield>
    <subfield code="r">2022-06-06 00:00:00</subfield>
    <subfield code="t">C-1</subfield>
    <subfield code="w">2022-06-06</subfield>
    <subfield code="y">BK</subfield>
  </datafield>
  <datafield tag="952" ind1=" " ind2=" ">
    <subfield code="0">0</subfield>
    <subfield code="1">0</subfield>
    <subfield code="2">ddc</subfield>
    <subfield code="4">0</subfield>
    <subfield code="7">0</subfield>
    <subfield code="8">NFIC</subfield>
    <subfield code="a">RUCL</subfield>
    <subfield code="b">RUCL</subfield>
    <subfield code="c">GEN</subfield>
    <subfield code="d">2022-06-06</subfield>
    <subfield code="l">0</subfield>
    <subfield code="o">A 892.71 SIS 1922</subfield>
    <subfield code="r">2022-06-06 00:00:00</subfield>
    <subfield code="t">C-2</subfield>
    <subfield code="w">2022-06-06</subfield>
    <subfield code="y">BK</subfield>
  </datafield>
</record>
